00788nam a2200205 a 450000100100000000500170001000800410002702000150006804000250008310000180010824000730012624501690019926000450036830000210041349000360043450000210047070000260049170000290051783000360054600001567520200929164119.0100217s2003 ch bd 000 0 spa d a8483108615 aDO-SdBNPbspacBNPHU1 aBeckett, Andy10aPinochec in Piccadilly.Britain and Chil is hilden historylespañol13aPinochec en Piccadilly :bla historia secreta de Chile y el Reino Unido /cAndy Beckett ; traducción de Victoria Ordóñez ; reseña de Guzmán Urrero Peña. aBarcelona :bEditorial Tus Quets,c2003. a321 p. ;c22 cm.1 aTiempo de Memoria Tus Quetsv26 aIncluye índice1 aUrrero Peña, Guzman1 aOrdoñez, Victoriaetr. 0aTiempo de Memoria Tus Quetsv26